| 000 | 00494nab a2200145Ia 4500 | ||
|---|---|---|---|
| 003 | ES-SlBCS | ||
| 005 | 20210601125453.0 | ||
| 008 | 140529s1985-86 xxu||||| |||| 00| 0 eng d | ||
| 041 | _aeng | ||
| 100 | 1 |
_aDeveraux, Daniel T. _9159031 |
|
| 245 | 0 | 0 |
_aParticular and Universal in Aristotle's Conception of Practical Kowledge _c Daniel T. Deveraux |
| 600 | 0 | 4 |
_aAristóteles-Conocimiento Práctico _9159032 |
| 773 | 0 |
_tReview of Methaphysics _gvol. 39, 1985-86, págs. 483-504 _wRev843 |
|
| 942 | _cAR | ||
| 999 |
_c530860 _d530860 |
||